Statystyki dla Quiz o Tokio

Kliknij tutaj aby rozwiązać quiz!

Ogólne statystyki

  • Ten quiz został rozwiązany 1 399 razy
  • Średni wynik to 7 z 18

Statystyki odpowiedzi

WskazówkaOdpowiedź% Poprawnych
Jakie wydarzenie odbyło Tokio w 1964 r. (i ponownie w 2021 r.)?Letnie {Igrzyska Olimpijskie}
95%
Jaka jest najbliższa zagraniczna stolica dla Tokio?Seul
87%
Japonia składa się z czterech głównych wysp. Na której z nich się Tokio?Honsiu
63%
Jaki potwór wyłonił się z Zatoki Tokijskiej, by zaatakować miasto w filmie z 1954 roku?Godzilla
58%
Tokio zostało stolicą Japonii w 1868 roku. Jakie miasto było wcześniej stolicą?Kioto
54%
Które przedmieście Tokio, zaczynające się na literę J, jest drugim najbardziej zaludnionym miastem w Japonii?Jokohama
52%
Co zabiło 142 tysiące ludzi w Tokio w 1923 roku?Trzęsienie ziemi
50%
Który przewodnik kulinarny przyznał restauracjom w Tokio ponad 300 "gwiazdek", zdecydowanie najwięcej niż w jakimkolwiek mieście?Michelin
43%
Jaka jest poprzednia nazwa Tokio?Edo
32%
Jaki sport uprawiają Yomiuri Giants i Tokyo Yakult Swallows?Baseball
30%
Targ Tsukiji jest największym tego typu targiem na świecie. Co tam jest sprzedawane?Owoce morza
24%
Co zabiło około 100 000 mieszkańców Tokio w 1945 roku?Bombardowanie
21%
Jaka jest nazwa regionu, w którym leży Tokio?Kantō
17%
Wymień jedno z dwóch głównych lotnisk leżących Tokio.Narita | Haneda
16%
Tokio w języku japońskim pisze się tak: 東京. Co te znaki oznaczają w języku polskim?{Wschodnia} Stolica
16%
Jak nazywał się cesarz, który przeniósł stolicę?Mutsohito (Meiji)
13%
Jaki punkt orientacyjny przedstawia to emoji: ?Wieża {Tokijska}
13%
Która z wież w Tokio, ukończona w 2011 r. jest najwyższą wieżą antenową na świecie?Tokyo {Skytree}
12%

Rozkład punktacji

Percentyl według liczby udzielonych odpowiedzi

Procent ludzi z każdym wynikiem

Twoja historia wyników

Nie rozwiązałeś tego quizu